Former Capitals - Modern Day Locations - Statistics

General Stats
  • This quiz has been taken 34 times
  • The average score is 5 of 8
Answer Stats
Question Answer % Correct
Which modern-day country holds Kaliningrad, a former capital of Prussia? Russia
91%
Which modern-day country holds Belgrade, a former capital of Yugoslavia Serbia
91%
Which modern-day country holds Lhasa, a former capital of Tibet? China
75%
What modern-day country holds Chichén-Itzá, a former capital of the Mayan Empire? Mexico
69%
Which modern-day country holds Lahore, a former capital of the Mughal Empire? Pakistan
69%
Which modern-day country holds Tyre, a former capital of Phoenicia? Lebanon
63%
Which modern-day country holds Sarai, a former capital of the Golden Horde? Russia
44%
Which modern-day country holds M'banza-Kongo, a former capital of the Kingdom of the Kongo? Angola
9%
No matching quizzes found
Score Distribution
Percent of People with Each Score
Percentile by Number Answered
Your Score History
You have not taken this quiz